Focus sur: Elwing - Tolkien - Statistiques

Statistiques générales
  • Ce quiz a été pris 26 fois
  • Le résultat moyen est 9 sur 14
Statistiques - réponses
Informations recherchées Réponses % Correct
Espèce (choisie) Elfe
100%
Age durant lequel elle vécut (en Terre du Milieu) Premier
88%
Elrond
81%
Première apparition Le Silmarillion
81%
Royaumes et contrées Doriath
75%
Epoux Eärendil
75%
Groupe de l'espèce Sindar
75%
Fils Elros
69%
Profession et titre Princesse de Doriath
63%
Père Dior
56%
Embouchure du Sirion
50%
Mère Nimloth
38%
Eluréd
19%
Frères Elurín
19%
Aucun quiz correspondant
Distribution des résultats
% des personnes avec chaque résultat
Percentile par nombre de réponses
Votre historique - résultats
Vous n’avez pas pris ce quiz